<?xml version="1.0" encoding="UTF-8"?>
<collection xmlns="http://www.loc.gov/MARC21/slim">
 <record>
  <leader>02021naa a2200385   4500</leader>
  <controlfield tag="001">1802002707</controlfield>
  <controlfield tag="003">DE-627</controlfield>
  <controlfield tag="005">20220517055012.0</controlfield>
  <controlfield tag="007">cr uuu---uuuuu</controlfield>
  <controlfield tag="008">220517s2012    xx |||||oo    00| ||ger c</controlfield>
  <datafield tag="024" ind1="7" ind2=" ">
   <subfield code="a">10.18446/rec.artium.1919427522</subfield>
   <subfield code="2">doi</subfield>
  </datafield>
  <datafield tag="035" ind1=" " ind2=" ">
   <subfield code="a">(DE-627)1802002707</subfield>
  </datafield>
  <datafield tag="035" ind1=" " ind2=" ">
   <subfield code="a">(DE-599)KXP1802002707</subfield>
  </datafield>
  <datafield tag="040" ind1=" " ind2=" ">
   <subfield code="a">DE-627</subfield>
   <subfield code="b">ger</subfield>
   <subfield code="c">DE-627</subfield>
   <subfield code="e">rda</subfield>
  </datafield>
  <datafield tag="041" ind1=" " ind2=" ">
   <subfield code="a">ger</subfield>
  </datafield>
  <datafield tag="084" ind1=" " ind2=" ">
   <subfield code="a">KUNST</subfield>
   <subfield code="q">DE-16</subfield>
   <subfield code="2">fid</subfield>
  </datafield>
  <datafield tag="100" ind1="1" ind2=" ">
   <subfield code="a">Packeiser, Thomas</subfield>
   <subfield code="d">1970-</subfield>
   <subfield code="e">VerfasserIn</subfield>
   <subfield code="0">(DE-588)1016032285</subfield>
   <subfield code="0">(DE-627)705475719</subfield>
   <subfield code="0">(DE-576)351440798</subfield>
   <subfield code="4">aut</subfield>
  </datafield>
  <datafield tag="245" ind1="1" ind2="0">
   <subfield code="a">[Rezension von: Miriam Verena Fleck, Ein tröstlich gemelde. Die Glaubensallegorie &quot;Gesetz und Gnade&quot; in Europa zwischen Spätmittelalter und Früher Neuzeit]</subfield>
   <subfield code="c">rezensiert von Thomas Packeiser</subfield>
  </datafield>
  <datafield tag="264" ind1=" " ind2="1">
   <subfield code="c">2012</subfield>
  </datafield>
  <datafield tag="300" ind1=" " ind2=" ">
   <subfield code="b">Illustrationen</subfield>
  </datafield>
  <datafield tag="336" ind1=" " ind2=" ">
   <subfield code="a">Text</subfield>
   <subfield code="b">txt</subfield>
   <subfield code="2">rdacontent</subfield>
  </datafield>
  <datafield tag="337" ind1=" " ind2=" ">
   <subfield code="a">Computermedien</subfield>
   <subfield code="b">c</subfield>
   <subfield code="2">rdamedia</subfield>
  </datafield>
  <datafield tag="338" ind1=" " ind2=" ">
   <subfield code="a">Online-Ressource</subfield>
   <subfield code="b">cr</subfield>
   <subfield code="2">rdacarrier</subfield>
  </datafield>
  <datafield tag="655" ind1=" " ind2="7">
   <subfield code="a">Rezension</subfield>
   <subfield code="0">(DE-588)4049712-4</subfield>
   <subfield code="0">(DE-627)106186019</subfield>
   <subfield code="0">(DE-576)209083166</subfield>
   <subfield code="2">gnd-content</subfield>
  </datafield>
  <datafield tag="773" ind1="0" ind2="8">
   <subfield code="i">Enthalten in</subfield>
   <subfield code="t">Kunstform</subfield>
   <subfield code="d">München : Ludwig-Maximilians-Universität München, Institut für Kunstgeschichte, 2000</subfield>
   <subfield code="g">13(2012), 9</subfield>
   <subfield code="h">Online-Ressource</subfield>
   <subfield code="w">(DE-627)382929004</subfield>
   <subfield code="w">(DE-600)2140180-9</subfield>
   <subfield code="w">(DE-576)281244731</subfield>
   <subfield code="x">1618-7199</subfield>
   <subfield code="7">nnns</subfield>
  </datafield>
  <datafield tag="773" ind1="1" ind2="8">
   <subfield code="g">volume:13</subfield>
   <subfield code="g">year:2012</subfield>
   <subfield code="g">number:9</subfield>
  </datafield>
  <datafield tag="787" ind1="0" ind2="8">
   <subfield code="i">Rezension von</subfield>
   <subfield code="a">Fleck, Miriam Verena</subfield>
   <subfield code="t">Ein tröstlich gemelde</subfield>
   <subfield code="d">Korb : Didymos-Verl., 2010</subfield>
   <subfield code="h">680, [136] S.</subfield>
   <subfield code="w">(DE-627)1602232970</subfield>
   <subfield code="w">(DE-576)321127943</subfield>
   <subfield code="z">9783939020059</subfield>
  </datafield>
  <datafield tag="856" ind1="4" ind2="0">
   <subfield code="u">https://doi.org/10.18446/rec.artium.1919427522</subfield>
   <subfield code="x">Resolving-System</subfield>
   <subfield code="x">Verlag</subfield>
   <subfield code="z">kostenfrei</subfield>
   <subfield code="3">Volltext</subfield>
  </datafield>
  <datafield tag="856" ind1="4" ind2="0">
   <subfield code="u">https://www.arthistoricum.net/kunstform/rezension/ausgabe/2012/9/18409</subfield>
   <subfield code="x">Verlag</subfield>
   <subfield code="z">kostenfrei</subfield>
   <subfield code="3">Volltext</subfield>
  </datafield>
  <datafield tag="936" ind1="u" ind2="w">
   <subfield code="d">13</subfield>
   <subfield code="j">2012</subfield>
   <subfield code="e">9</subfield>
  </datafield>
  <datafield tag="951" ind1=" " ind2=" ">
   <subfield code="a">AR</subfield>
  </datafield>
  <datafield tag="994" ind1=" " ind2=" ">
   <subfield code="u">https://www.arthistoricum.net/kunstform/rezension/ausgabe/2012/9/18409</subfield>
  </datafield>
  <datafield tag="994" ind1=" " ind2=" ">
   <subfield code="u">https://www.arthistoricum.net/kunstform/rezension/ausgabe/2012/9/18409</subfield>
  </datafield>
  <datafield tag="991" ind1=" " ind2=" ">
   <subfield code="a">Rezension (Monographie, Zeitschrift, Aufsatz)</subfield>
  </datafield>
  <datafield tag="999" ind1=" " ind2=" ">
   <subfield code="a">KXP-PPN1802002707</subfield>
   <subfield code="e">4169734327</subfield>
  </datafield>
 </record>
</collection>
